| 000 | 02680nam0a2200385 4500 | ||
|---|---|---|---|
| 001 | RU\NLR\BIBL_A\012821873 | ||
| 005 | 20260406011913.0 | ||
| 010 |
_a978-5-6046783-8-1 _91000 |
||
| 021 |
_aRU _b2022-16017 _9КН-П-1376 |
||
| 035 | _a(RuMoRGB)011008347 | ||
| 035 | _a(NLR Aleph) 012821873 | ||
| 090 |
_a12322330 _c12322330 |
||
| 100 | _a20220620d2022 |||y0rusy50 ca | ||
| 101 | 0 | _arus | |
| 102 | _aRU | ||
| 105 | _ay w 000zy | ||
| 181 | 0 |
_ai _baxxe |
|
| 182 | 0 | _an | |
| 200 | 1 |
_aПреображение Господне _eпоследование богослужения. Для клироса и мирян _fсост.: Соколова О. А. _gпод редакцией Алексея Сергеевича Кашкина, кандидата богословия, преподавателя, доцента |
|
| 203 |
_aТекст _bвизуальный _cнепосредственный |
||
| 210 |
_aМосква _cУспенский храм _cСинопсисъ _d2022 |
||
| 215 |
_a71, [1] с. _d29 |
||
| 330 | _aВ книге содержится последование Всенощного бдения праздника Преображения Господня, а также изменяемые песнопения праздничной Литургии. Двухцветная печать, традиционная для богослужебных изданий, облегчает визуальное восприятие. Неизменяемые нотные песнопения и текст чтеца набраны средним шрифтом, а изменяемые песнопения - укрупненным, с ударениями и разметкой для пения. Текст службы сопровождают указания, которые помогут регенту на богослужении, а также примечания, отображающие приходские традиции | ||
| 606 | 1 |
_aБогослужебные книги православные _9930216 _3RU\NLR\AUTH\6623829 |
|
| 606 | 1 |
_aПреображение Господне _92528801 _3RU\NLR\AUTH\661497988 |
|
| 686 | 2 | _aЭ372.24-507 | |
| 686 | 2 | _aЭ372.24-503.182.12 | |
| 702 | 1 |
_4220 _7ca _8rus _aСоколова _bО. А. _cправославный писатель _gОльга А. _9129257 _3RU\NLR\AUTH\770129288 |
|
| 702 | 1 |
_4340 _8rus _7ca _aКашкин _bА. С. _f1978- _gАлексей Сергеевич _3RU\NLR\AUTH\77117395 _9100320 |
|
| 942 | _cBOOK | ||
| 980 | _aNB | ||